| 000 | 01069nam a22002657a 4500 | ||
|---|---|---|---|
| 999 |
_c15793 _d15793 |
||
| 003 | EG-ScBUE | ||
| 005 | 20210206092719.0 | ||
| 008 | 110808s1979 ua f 000 0 ara d | ||
| 040 |
_aEG-ScBUE _bara _erda _cEG-ScBUE _dEG-ScBUE |
||
| 082 | 0 | 4 |
_a892.71009962 _bد ع ب _222 |
| 100 | 1 |
_926599 _aدعبيس، سعد، _eمؤلف. |
|
| 245 | 1 | 2 |
_aالغزل في الشعر العربي الحديث في مصر 1967-1850 / _cسعد دعبيس. |
| 250 | _aالطبعة الثانية. | ||
| 264 | 1 |
_aالقاهرة : _bدار النهضة العربية، _c1979. |
|
| 300 |
_a859 صفحة ؛ _c24 سم |
||
| 336 |
_2rdacontent _aنص _btxt |
||
| 337 |
_2rdamedia _aبدون وسيط _bn |
||
| 338 |
_2rdacarrier _aمجلد _bnc |
||
| 650 | 7 |
_926601 _aالشعر العربي _zمصر _xتاريخ ونقد. _2BUEsh |
|
| 650 | 7 |
_926602 _aالشعر العربي _zمصر _xتاريخ _yالعصر الحديث. _2BUEsh |
|
| 650 | 7 |
_aالشعر الغزلي. _zمصر. _2BUEsh |
|
| 653 |
_cAugust2011 _bARALIT |
||
| 655 |
_vReading book _934232 |
||
| 942 |
_2ddc _cBB |
||